| 000 | 12268nam a22008657a 4500 | ||
|---|---|---|---|
| 005 | 20120216112320.0 | ||
| 010 | _aB-478373-416 | ||
| 020 |
_a9788124308905 (भाग-1) _c37.00 |
||
| 020 |
_a9788124310441 (भाग-2) _c37.00 |
||
| 020 |
_a9788124309971 (भाग-3) _c37.00 |
||
| 020 |
_a9788124310458 (भाग-4) _c37.00 |
||
| 035 | _aB-478373-416 | ||
| 037 | _bब्लूबेरी बुक्स | ||
| 082 | _aक | ||
| 245 |
_aपरी-कथाएँ: _cभीखाभाई सुथार द्वारा संपादित;प्रकाश बांदेकर द्वारा चित्रांकित;एस.जी.सुमन और राजेशकुमार मिश्र द्वारा अनुदित _bनन्हे-मुन्नों के लिए काल्पनिक कहानियाँ / |
||
| 260 |
_aमुंबई _bनवनीत पब्लिकेशन्स _cव.अ. |
||
| 270 |
_aभवानीशंकर रोड, दादर _bमुंबई _e400028 |
||
| 300 |
_a4 भाग(31पृ;31पृ;31पृ;31पृ;) _bसचित्र _c25सेमी (अजिल्द) |
||
| 500 | _a4 भागों में प्रकाशित | ||
| 500 | _aभाग 1 से 4 का सेट | ||
| 700 |
_aसुथार, भीखाभाई _939428 |
||
| 700 |
_aबांदेकर, प्रकाश _942223 |
||
| 700 |
_aसुमन, एस.जी. _942233 |
||
| 700 |
_aमिश्र, राजेशकुमार _942234 |
||
| 942 |
_2ddc _cCH _mपरीक _hक |
||
| 999 |
_c62945 _d62945 |
||